00472nam a22001457a 450000500170000001000150001702000260003203500140005803700090007208200180008124501010009926000310020027000750023130000200030620241022145104.0 aENG-142238 a9788180387319c595.00 aEN-125770 bDBAD a345.405002632 aThe Indian Penal Code, 1860:bThe Code of Criminal Procedure, 1973 The Indian Evidence Act, 1872 aHaryanabLexis Nexisc2012 a14th Floor, Building No. 10, Tower-B, DLF Cyber City,bGurgaone122002 a827p.c16cm(hb)